| 000 | 00347nam a2200133Ia 4500 | ||
|---|---|---|---|
| 008 | 231129s1969||||xx |||||||||||||| ||spa|| | ||
| 040 | _bspa | ||
| 082 | _aCo863 C112a | ||
| 100 | _aCaballero Calderon Eduardo | ||
| 245 | 0 | _aEl almirante niƱo; El Rey de Roma; El caballito de Bolivar | |
| 260 | _c1969 | ||
| 264 | _aCarvajal | ||
| 942 |
_2ddc _cBKS |
||
| 999 |
_c10142 _d10142 |
||